Quick Pick: 'L' Latin Phrases Quiz Stats

Quiz Updated Jan 18, 2018

Challenge
Share
Tweet
Embed
Score 0/10 Timer 01:30
0 Plays Today
% Correct
Labor omnia vincit
90.2%
Lapsus linguae
89.6%
Lex non scripta
89.5%
Lupus in fabula
88.5%
Lex rex
88.4%
Libra
86.5%
Lectori salutem
83.5%
Laudator temporis acti
82.6%
Legem terrae
82%
Locum tenens
78.3%

Today's Daily Dose

Missing Word
'F' Science

Word Ladder
Guitar Heroes

Quick Pick
Zambian Borders

On This Day
April 22nd II

You're not logged in!

Compare scores with friends on all Sporcle quizzes.
Sign Up with Email
OR
Log In

You Might Also Like...

Show Comments

Extras

Top Quizzes Today


Score Distribution

Your Account Isn't Verified!

In order to create a playlist on Sporcle, you need to verify the email address you used during registration. Go to your Sporcle Settings to finish the process.

Report this User

Report this user for behavior that violates our Community Guidelines.

Details: